|
|
|
|
| LEADER |
02378nam a2200529 a 4500 |
| 001 |
nkc20102149373 |
| 003 |
CZ PrNK |
| 005 |
20111004124233.0 |
| 007 |
ta |
| 008 |
101109s2010 xr a f 000 0 cze |
| 015 |
|
|
|a cnb002149373
|
| 020 |
|
|
|a 978-80-86879-27-7
|q (Nezávislé centrum pro studium politiky ;
|q brož.)
|z 80-86879-27-7
|
| 035 |
|
|
|a (OCoLC)752793065
|
| 040 |
|
|
|a OLA001
|b cze
|d ABA001
|
| 041 |
0 |
|
|a cze
|a slo
|b eng
|
| 043 |
|
|
|a e------
|
| 045 |
|
|
|a y-y-
|
| 072 |
|
7 |
|a 321
|x Politologie
|2 Konspekt
|9 15
|
| 080 |
|
|
|a 321.7+342.34
|2 MRF
|
| 080 |
|
|
|a (4)
|2 MRF
|
| 080 |
|
|
|a (048.8:082)
|2 MRF
|
| 100 |
1 |
|
|a Hirtlová, Petra,
|d 1978-
|7 mzk2006342960
|4 aut
|
| 245 |
1 |
0 |
|a Podoby demokracie na začátku 21. století: Evropská unie a svět /
|c Petra Hirtlová, Vladimír Srb a kol.
|
| 250 |
|
|
|a Vyd. 1.
|
| 260 |
|
|
|a Kolín :
|b Nezávislé centrum pro studium politiky,
|c 2010
|
| 300 |
|
|
|a 487 s. :
|b il. ;
|c 21 cm
|
| 490 |
1 |
|
|a Monografie
|
| 504 |
|
|
|a Obsahuje bibliografie a bibliografické odkazy
|
| 546 |
|
|
|a Část. slovenský text, anglická resumé
|
| 550 |
|
|
|a Vydavatel: Nezávislé centrum pro studium politiky, Academia Rerum Civilium - Vysoká škola politických a společenských věd
|
| 648 |
|
7 |
|a 21. století
|7 ch460559
|2 czenas
|
| 650 |
0 |
7 |
|a demokracie
|7 ph117182
|y 21. století
|2 czenas
|
| 650 |
0 |
7 |
|a demokracie
|7 ph117182
|z země Evropské unie
|y 21. století
|2 czenas
|
| 650 |
0 |
9 |
|a democracy
|y 21st century
|2 eczenas
|
| 650 |
0 |
9 |
|a democracy
|z European Union countries
|y 21st century
|2 eczenas
|
| 655 |
|
7 |
|a kolektivní monografie
|7 fd501537
|2 czenas
|
| 655 |
|
9 |
|a collective monographs
|2 eczenas
|
| 700 |
1 |
|
|a Srb, Vladimír,
|d 1974-
|7 js20040426007
|4 aut
|
| 710 |
2 |
|
|a Academia Rerum Civilium - Vysoká škola politických a společenských věd
|7 olak2005266827
|
| 810 |
2 |
|
|a Academia Rerum Civilium - Vysoká škola politických a společenských věd.
|t Monografie
|0 s
|
| 856 |
4 |
1 |
|u http://www.digitalniknihovna.cz/mzk/uuid/uuid:a4cc6a90-a9cd-11e8-99aa-005056827e51
|y Digitalizovaný dokument
|x NDK
|
| 910 |
2 |
|
|a BOA001
|b 2-1270.167
|
| 928 |
9 |
|
|a Nezávislé centrum pro studium politiky, Academia Rerum Civilium - Vysoká škola politických a společenských věd
|
| 990 |
|
|
|a BK
|
| 995 |
|
|
|a 01
|
| 991 |
|
|
|b 201107
|c NOV
|e n
|
| 996 |
6 |
|
|b 2610483831
|c 2-1270.167
|l MZK
|r Sklad / do 1 hodiny
|n 4
|p p.v.
|w 001191221
|u 000010
|a 1
|e BOA001
|j MZK50
|s P
|